00374nam a2200145Ia 450000500170000000800410001702000150005808200130007310000350008624500530012126000110017430000180018565000130020365000120021620250516013751.0240331s9999 xx 000 0 und d a9971842459 a294bKAL aKalyanawansa , Bikku Hanwelle 0aSinhala Gee Sahitha Pirith Desana ha Bodi Pujawa bAuthor aiii, 100 p ., aBuddhism aHistory